000 00723nam a2200205Ii 4500
003 JO-AjNU
008 230605s9999||||xx |||||||||||||| ||und||
017 _a1726
040 _aJO-AjNU
_bara
_erda
_cJO-AjNU
041 _aara
050 1 4 _aQA37.2 1985
100 3 _aنعوم، رياض شاكر / م . مشارك سليم حسن تاكتبي,
_eauthor
_940535
245 0 0 _aطرق رياضية متنوعة
264 3 1 _aجامعة البصرة:وزارة التعليم العالي والبجث العلمي .1985
300 _a408ص
336 _atext
_btxt
_2rdacontent
337 _aunmediated
_bn
_2rdamedia
338 _avolume
_bnc
_2rdacarrier
650 4 _aالرياضيات -نعلم وتعليم
_940536
999 _aA17210
_c20778
_d20778